MARC details
| 000 -LEADER |
| campo de control de longitud fija |
01350cam a2200361Ma 4500 |
| 001 - NÚMERO DE CONTROL |
| campo de control |
72416 |
| 005 - FECHA Y HORA DE LA ÚLTIMA TRANSACCIÓN |
| campo de control |
20230410105323.0 |
| 008 - DATOS DE LONGITUD FIJA--INFORMACIÓN GENERAL |
| campo de control de longitud fija |
080627s2008 fr b 001 0 fre d |
| 035 ## - NÚMERO DE CONTROL DEL SISTEMA |
| Número de control de sistema |
(OCoLC)ocn465986221 |
| 040 ## - FUENTE DE CATALOGACIÓN |
| Centro catalogador/agencia de origen |
UAB |
| Lengua de catalogación |
fre |
| Centro/agencia transcriptor |
UAB |
| Centro/agencia modificador |
ZWZ |
| 020 ## - NÚMERO INTERNACIONAL ESTÁNDAR DEL LIBRO |
| Número Internacional Estándar del Libro |
9782707154613 |
| 020 ## - NÚMERO INTERNACIONAL ESTÁNDAR DEL LIBRO |
| Número Internacional Estándar del Libro |
270715461X |
| 029 1# - OTRO NÚMERO DE CONTROL DE SISTEMA (OCLC) |
| Identificador de la biblioteca OCLC |
ZWZ |
| Número de control de sistema |
124757979 |
| 035 ## - NÚMERO DE CONTROL DEL SISTEMA |
| Número de control de sistema |
(OCoLC)465986221 |
| 050 14 - SIGNATURA TOPOGRÁFICA DE LA BIBLIOTECA DEL CONGRESO |
| Número de clasificación |
H 8 |
| Número de ítem |
C697 |
| 100 1# - ENTRADA PRINCIPAL--NOMBRE DE PERSONA |
| Nombre de persona |
Rawls, John, |
| Fechas asociadas al nombre |
1921-2002. |
| 240 10 - TÍTULO UNIFORME |
| Título uniforme |
Lectures on the history of moral philosophy. |
| Lenguaje de la obra |
Franócais |
| 245 10 - MENCIÓN DEL TÍTULO |
| Título |
Leócons sur l'histoire de la philosophie morale / |
| Mención de responsabilidad, etc. |
John Rawls ; traduit de l'anglais (états-Unis) par Marc Saint-Upéry et Bertrand Guillarme ; préface de Bertrand Guillarme. |
| 260 ## - PUBLICACIÓN, DISTRIBUCIÓN, ETC. |
| Lugar de publicación, distribución, etc. |
Paris : |
| Nombre del editor, distribuidor, etc. |
La Découverte, |
| Fecha de publicación, distribución, etc. |
2008. |
| 300 ## - DESCRIPCIÓN FÍSICA |
| Extensión |
376 p. ; |
| Dimensiones |
19 cm. |
| 490 1# - MENCIÓN DE SERIE |
| Mención de serie |
Collection Découverte Poche ; |
| Designación de volumen o secuencia |
n. 282 |
| 504 ## - NOTA DE BIBLIOGRAFÍA, ETC. |
| Nota de bibliografía, etc. |
Comprend des réf. bibliogr. et un index. |
| 534 ## - NOTA SOBRE LA VERSIÓN ORIGINAL |
| Frase introductoria |
Traduit de l'anglais: |
| Publicación, distribución, etc. del original |
Harvard university press, 2000, |
| Mención de título del original |
Lectures on the history of moral philosophy. |
| 650 #6 - PUNTO DE ACCESO ADICIONAL DE MATERIA--TÉRMINO DE MATERIA |
| Término de materia o nombre geográfico como elemento de entrada |
Morale |
| Subdivisión cronológica |
17e siáecle. |
| 650 #6 - PUNTO DE ACCESO ADICIONAL DE MATERIA--TÉRMINO DE MATERIA |
| Término de materia o nombre geográfico como elemento de entrada |
Morale |
| Subdivisión cronológica |
18e siáecle. |
| 650 #6 - PUNTO DE ACCESO ADICIONAL DE MATERIA--TÉRMINO DE MATERIA |
| Término de materia o nombre geográfico como elemento de entrada |
Morale |
| Subdivisión cronológica |
19e siáecle. |
| 650 #7 - PUNTO DE ACCESO ADICIONAL DE MATERIA--TÉRMINO DE MATERIA |
| Término de materia o nombre geográfico como elemento de entrada |
Morale |
| Subdivisión general |
Histoire. |
| Fuente del encabezamiento o término |
ram |
| 730 0# - ASIENTO SECUNDARIO--TITULO UNIFORME |
| Título uniforme |
Collection Découverte Poche. |
| 830 #0 - PUNTO DE ACCESO ADICIONAL DE SERIE-TÍTULO UNIFORME |
| Título uniforme |
Collection Déouverte Poche / Sciences humaines et sociales ; |
| Designación de volumen o secuencia |
n. 282 |
| 942 ## - ELEMENTOS DE ENTRADA SECUNDARIOS (KOHA) |
| Fuente del sistema de clasificación o colocación |
Clasificación de Library of Congress |
| Tipo de ítem Koha |
|
| 946 ## - PROCESAMIENTO DE INFORMACIÓN LOCAL (OCLC) |
| a |
mjcruz |
| 994 ## - |
| -- |
C0 |
| -- |
DRFGD |